000 00314nam a22001457a 4500
008 221130b ||||| |||| 00| 0 eng d
020 _a9781617316166
041 _aeng
080 _a611
082 _a611MOR
100 _a10
101 _aANAT
245 _aDISCOVERING ANATOMY
_cMORTON A D
942 _2udc
_cBK
999 _c59049
_d59049